| 000 | 00360nam a2200133Ia 4500 | ||
|---|---|---|---|
| 008 | 181023s9999 xx 000 0 und d | ||
| 020 | _a9781260083286 | ||
| 100 | _aKarlan, Dean. | ||
| 245 |
_cDean Karlan, Jonathan Morduch.-- _aEconomics / |
||
| 250 | _a2nd ed | ||
| 260 |
_aNew York : _bMcGraw Hill _c2018 |
||
| 300 | _axli, 982 pages. | ||
| 650 | _aEconomics. | ||
| 999 |
_c359375 _d359375 |
||